<?xml version="1.0" encoding="UTF-8"?>
<collection xmlns="http://www.loc.gov/MARC21/slim">
<record>
  <controlfield tag="001">121292</controlfield>
  <controlfield tag="005">20240319080948.0</controlfield>
  <datafield tag="024" ind1="7" ind2=" ">
    <subfield code="2">doi</subfield>
    <subfield code="a">10.1016/j.gastrohep.2021.03.012</subfield>
  </datafield>
  <datafield tag="024" ind1="8" ind2=" ">
    <subfield code="2">sideral</subfield>
    <subfield code="a">127427</subfield>
  </datafield>
  <datafield tag="037" ind1=" " ind2=" ">
    <subfield code="a">ART-2022-127427</subfield>
  </datafield>
  <datafield tag="041" ind1=" " ind2=" ">
    <subfield code="a">eng</subfield>
  </datafield>
  <datafield tag="100" ind1=" " ind2=" ">
    <subfield code="a">Refaie, E.</subfield>
  </datafield>
  <datafield tag="245" ind1=" " ind2=" ">
    <subfield code="a">Impacto del confinamiento debido a la pandemia por COVID-19 en pacientes con enfermedad inflamatoria intestinal</subfield>
  </datafield>
  <datafield tag="260" ind1=" " ind2=" ">
    <subfield code="c">2022</subfield>
  </datafield>
  <datafield tag="506" ind1="0" ind2=" ">
    <subfield code="a">Access copy available to the general public</subfield>
    <subfield code="f">Unrestricted</subfield>
  </datafield>
  <datafield tag="520" ind1="3" ind2=" ">
    <subfield code="a">Introduction: The lockdown period due to the coronavirus disease 2019 (COVID-19) in Spain probably had a significant emotional impact on chronic patients and hence on those who are suffering from inflammatory bowel disease (IBD) due to their high risk of emotional disorders. The aim of this study was to learn how COVID-19 influenced patients suffering from IBD during the quarantine period, focusing in particular on psychological distress through the Perceived Stress Scale-10 (PSS-10) and also the impact of the pandemic on therapeutic adherence using the Visual Analogue Scale (VAS). Patients and methods: A prospective, single-centre and analytical observational study was carried out in the IBD unit in August 2020. Patients were contacted and interviewed by phone. A descriptive analysis was carried out and subsequently the factors associated with the loss of therapeutic adherence and higher-moderate levels of stress were analyzed through logistic regression multivariate analyses. Results: A total of 426 patients were included with a median PSS-10 score of 12 (10–16). A higher level of stress was reported by those who were not married, women and those who experienced an increase in IBD-related symptoms. Adherence to treatment was not associated with stress based on the PSS-10 questionnaire. Conclusions: Although the lockdown period due to the COVID-19 pandemic has probably had a significant emotional impact on Spaniards with IBD, IBD patients in general had lower PSS-10 scores.   Introducción: El confinamiento debido a la pandemia por COVID-19 en España tuvo probablemente un importante impacto emocional en los pacientes crónicos, y por tanto en aquellos que sufren enfermedad inflamatoria intestinal (EII) debido a su riesgo incrementado de padecer desórdenes emocionales. El objetivo de este estudio es el de conocer como la COVID-19 ha influido a los pacientes con EII durante el período de cuarentena, haciendo hincapié en el nivel de estrés a través de la Escala de Estrés Percibido (PSS-10) así como en la adherencia a los tratamientos por medio de la escala visual analógica (VAS). Pacientes y métodos: Estudio prospectivo, unicéntrico y observacional realizado en la Unidad de EII durante el mes de agosto de 2020. Los pacientes fueron entrevistados por teléfono. Se llevó a cabo un análisis descriptivo inicial, posteriormente se identificaron los factores relacionados con la pérdida de adherencia, así como con los niveles altos-moderados de estrés a través de análisis de regresión logística multivariante. Resultados: Fueron incluidos un total de 426 pacientes con una puntuación media en la escala PSS-10 de 12 (10-16). Los niveles más altos de estrés se reportaron en aquellos pacientes que no estaban casados, las mujeres o aquellos que habían incrementado sintomatología relacionada con su EII. La adherencia al tratamiento no se asoció con el nivel de estrés basado en el cuestionario PSS-10. Conclusiones: A pesar de que el período de cuarentena por COVID-19 haya podido tener un importante papel en el impacto emocional de la población española con EII, los pacientes con EII tuvieron en general niveles bajos según el cuestionario PSS-10.</subfield>
  </datafield>
  <datafield tag="540" ind1=" " ind2=" ">
    <subfield code="9">info:eu-repo/semantics/openAccess</subfield>
    <subfield code="a">by-nc-nd</subfield>
    <subfield code="u">http://creativecommons.org/licenses/by-nc-nd/3.0/es/</subfield>
  </datafield>
  <datafield tag="590" ind1=" " ind2=" ">
    <subfield code="a">1.9</subfield>
    <subfield code="b">2022</subfield>
  </datafield>
  <datafield tag="591" ind1=" " ind2=" ">
    <subfield code="a">GASTROENTEROLOGY &amp; HEPATOLOGY</subfield>
    <subfield code="b">84 / 93 = 0.903</subfield>
    <subfield code="c">2022</subfield>
    <subfield code="d">Q4</subfield>
    <subfield code="e">T3</subfield>
  </datafield>
  <datafield tag="592" ind1=" " ind2=" ">
    <subfield code="a">0.237</subfield>
    <subfield code="b">2022</subfield>
  </datafield>
  <datafield tag="593" ind1=" " ind2=" ">
    <subfield code="a">Gastroenterology</subfield>
    <subfield code="c">2022</subfield>
    <subfield code="d">Q3</subfield>
  </datafield>
  <datafield tag="593" ind1=" " ind2=" ">
    <subfield code="a">Hepatology</subfield>
    <subfield code="c">2022</subfield>
    <subfield code="d">Q4</subfield>
  </datafield>
  <datafield tag="594" ind1=" " ind2=" ">
    <subfield code="a">1.2</subfield>
    <subfield code="b">2022</subfield>
  </datafield>
  <datafield tag="655" ind1=" " ind2="4">
    <subfield code="a">info:eu-repo/semantics/article</subfield>
    <subfield code="v">info:eu-repo/semantics/acceptedVersion</subfield>
  </datafield>
  <datafield tag="700" ind1=" " ind2=" ">
    <subfield code="a">García Mateo, S.</subfield>
    <subfield code="u">Universidad de Zaragoza</subfield>
  </datafield>
  <datafield tag="700" ind1=" " ind2=" ">
    <subfield code="a">Martínez Domínguez, S. J.</subfield>
    <subfield code="u">Universidad de Zaragoza</subfield>
  </datafield>
  <datafield tag="700" ind1=" " ind2=" ">
    <subfield code="a">Gargallo-Puyuelo, C. J.</subfield>
    <subfield code="u">Universidad de Zaragoza</subfield>
    <subfield code="0">(orcid)0000-0002-3545-2707</subfield>
  </datafield>
  <datafield tag="700" ind1=" " ind2=" ">
    <subfield code="a">Lario Quilez, L.</subfield>
  </datafield>
  <datafield tag="700" ind1=" " ind2=" ">
    <subfield code="a">Carrera-Lasfuentes, P.</subfield>
  </datafield>
  <datafield tag="700" ind1=" " ind2=" ">
    <subfield code="a">Arroyo Villarino, M. T.</subfield>
    <subfield code="u">Universidad de Zaragoza</subfield>
    <subfield code="0">(orcid)0000-0002-4991-8715</subfield>
  </datafield>
  <datafield tag="700" ind1=" " ind2=" ">
    <subfield code="a">Gomollón García, F.</subfield>
    <subfield code="u">Universidad de Zaragoza</subfield>
    <subfield code="0">(orcid)0000-0003-0076-3529</subfield>
  </datafield>
  <datafield tag="710" ind1="2" ind2=" ">
    <subfield code="1">1007</subfield>
    <subfield code="2">610</subfield>
    <subfield code="a">Universidad de Zaragoza</subfield>
    <subfield code="b">Dpto. Medicina, Psiqu. y Derm.</subfield>
    <subfield code="c">Area Medicina</subfield>
  </datafield>
  <datafield tag="773" ind1=" " ind2=" ">
    <subfield code="g">45, 2 (2022), 114-122</subfield>
    <subfield code="p">Gastroenterol. hepatol.</subfield>
    <subfield code="t">Gastroenterologia y Hepatologia</subfield>
    <subfield code="x">0210-5705</subfield>
  </datafield>
  <datafield tag="856" ind1="4" ind2=" ">
    <subfield code="s">341987</subfield>
    <subfield code="u">http://zaguan.unizar.es/record/121292/files/texto_completo.pdf</subfield>
    <subfield code="y">Postprint</subfield>
  </datafield>
  <datafield tag="856" ind1="4" ind2=" ">
    <subfield code="s">916466</subfield>
    <subfield code="u">http://zaguan.unizar.es/record/121292/files/texto_completo.jpg?subformat=icon</subfield>
    <subfield code="x">icon</subfield>
    <subfield code="y">Postprint</subfield>
  </datafield>
  <datafield tag="909" ind1="C" ind2="O">
    <subfield code="o">oai:zaguan.unizar.es:121292</subfield>
    <subfield code="p">articulos</subfield>
    <subfield code="p">driver</subfield>
  </datafield>
  <datafield tag="951" ind1=" " ind2=" ">
    <subfield code="a">2024-03-18-12:47:33</subfield>
  </datafield>
  <datafield tag="980" ind1=" " ind2=" ">
    <subfield code="a">ARTICLE</subfield>
  </datafield>
</record>
</collection>